[Event "MCR_SF16"]
[Site "?"]
[Date "2008.??.??"]
[Round "?"]
[White "Goc, Pavel"]
[Black "Houdek, Vladimir"]
[Result "1-0"]
[WhiteElo "2050"]
[BlackElo "2139"]
[PlyCount "45"]
[EventDate "2008.??.??"]
[EventType "corr"]
[EventRounds "2"]

1. d4 d5 2. Nf3 Nf6 3. e3 e6 4. Bd3 c5 5. c3 Bd6 6. Nbd2 Nbd7 7. O-O O-O 8. Re1
Qc7 9. e4 c4 10. Bc2 e5 11. h3 exd4 12. cxd4 dxe4 13. Nxe4 Nxe4 14. Rxe4 h6 15.
Bxh6 f5 16. Bxg7 Kxg7 17. Rh4 Nf6 18. Qd2 f4 19. Re1 Rh8 20. Rxh8 Kxh8 21. Ne5
Nd5 22. Qe2 Nf6 23. Qf3 1-0

[Event "MCR_SF16"]
[Site "?"]
[Date "2008.??.??"]
[Round "?"]
[White "Goc, Pavel"]
[Black "Kudr, Roman"]
[Result "1/2-1/2"]
[WhiteElo "2050"]
[BlackElo "2182"]
[PlyCount "46"]
[EventDate "2008.??.??"]
[EventType "corr"]
[EventRounds "2"]

1. d4 Nf6 2. Nf3 g6 3. Bg5 Bg7 4. Nbd2 d5 5. e3 O-O 6. Bd3 c5 7. c3 Nbd7 8. O-O
b6 9. Qe2 Bb7 10. e4 cxd4 11. cxd4 dxe4 12. Nxe4 Nxe4 13. Bxe4 Bxe4 14. Qxe4
Nf6 15. Bxf6 Bxf6 16. Rac1 Rc8 17. Rc3 Rxc3 18. bxc3 Qc7 19. Qd3 Rc8 20. Rc1 e6
21. h3 Rd8 22. Kf1 Qd7 23. Rb1 e5 1/2-1/2

[Event "MCR_SF16"]
[Site "?"]
[Date "2008.??.??"]
[Round "?"]
[White "Goc, Pavel"]
[Black "Portych, Vaclav"]
[Result "1/2-1/2"]
[WhiteElo "2050"]
[BlackElo "2177"]
[PlyCount "79"]
[EventDate "2008.??.??"]
[EventType "corr"]
[EventRounds "2"]

1. e4 c5 2. Nf3 Nc6 3. d4 cxd4 4. Nxd4 Nf6 5. Nc3 e5 6. Ndb5 d6 7. Nd5 Nxd5 8.
exd5 Nb8 9. c4 a6 10. Qa4 Nd7 11. c5 dxc5 12. d6 axb5 13. Qxa8 c4 14. Bg5 f6
15. Be3 Bxd6 16. O-O-O Ke7 17. Be2 Qc7 18. Qa7 Ke6 19. Bf3 Bc5 20. Bxc5 Nxc5
21. Bd5+ Ke7 22. Qa3 Bf5 23. Bxb7 Qxb7 24. Qxc5+ Kf7 25. Qd5+ Qxd5 26. Rxd5 Rb8
27. a3 Ke6 28. Rhd1 Bd3 29. Rc5 Kd6 30. b4 cxb3 31. Rc3 e4 32. Kb2 g6 33. Kxb3
f5 34. h3 Rf8 35. Kb4 Ra8 36. Kb3 h6 37. Kb2 g5 38. g3 h5 39. Rdc1 Bc4 40. Rd1+
1/2-1/2

[Event "MCR_SF16"]
[Site "?"]
[Date "2008.??.??"]
[Round "?"]
[White "Goc, Pavel"]
[Black "Slavik, Miroslav"]
[Result "0-1"]
[WhiteElo "2050"]
[BlackElo "2265"]
[PlyCount "76"]
[EventDate "2008.??.??"]
[EventType "corr"]
[EventRounds "2"]

1. d4 d5 2. Nf3 Nf6 3. e3 e6 4. Bd3 Nbd7 5. Nbd2 c5 6. c3 Bd6 7. O-O O-O 8. Re1
Qc7 9. e4 cxd4 10. cxd4 dxe4 11. Nxe4 Nxe4 12. Rxe4 Re8 13. Rh4 h6 14. Qd2 e5
15. b4 b6 16. Rg4 Bf8 17. dxe5 Nxe5 18. Nxe5 Bxg4 19. Nxg4 Qd7 20. Nxh6+ gxh6
21. Bb2 Qg4 22. Qc2 Bxb4 23. h3 Qg5 24. Bh7+ Kf8 25. Qc6 Rad8 26. Bf6 Qd5 27.
Qa4 Be7 28. Bc3 Bd6 29. Rf1 Rc8 30. Bf6 Rc4 31. Qb3 Rc5 32. Qa4 Re6 33. Qh4 Qc6
34. Bd4 Rg5 35. g3 Qf3 36. Rc1 Bxg3 37. Rc8+ Ke7 38. fxg3 Re1+ 0-1

[Event "MCR_SF16"]
[Site "?"]
[Date "2008.??.??"]
[Round "?"]
[White "Goc, Pavel"]
[Black "Trs, Jan"]
[Result "0-1"]
[WhiteElo "2050"]
[BlackElo "2158"]
[PlyCount "80"]
[EventDate "2008.??.??"]
[EventType "corr"]
[EventRounds "2"]

1. d4 Nf6 2. Nf3 d5 3. e3 e6 4. Bd3 c5 5. c3 Bd6 6. Nbd2 Nc6 7. dxc5 Bxc5 8.
O-O O-O 9. e4 Qc7 10. Qe2 h6 11. g3 Bb6 12. Nb3 dxe4 13. Bxe4 Nxe4 14. Qxe4 e5
15. Re1 f6 16. Be3 Rd8 17. Bxb6 axb6 18. Qc4+ Kf8 19. Nh4 g5 20. Ng2 f5 21. a3
Qf7 22. Qxf7+ Kxf7 23. Rad1 Be6 24. Nc1 e4 25. Ne2 Bb3 26. Rxd8 Rxd8 27. Ne3
Kf6 28. Nc1 Be6 29. Rd1 Rxd1+ 30. Nxd1 f4 31. gxf4 gxf4 32. b3 Na5 33. c4 b5
34. cxb5 Nxb3 35. Nxb3 Bxb3 36. Nc3 Ke5 37. Kf1 Bc4+ 38. Ke1 Kd4 39. Kd2 e3+
40. fxe3+ fxe3+ 0-1

[Event "MCR_SF16"]
[Site "?"]
[Date "2008.??.??"]
[Round "?"]
[White "Houdek, Vladimir"]
[Black "Goc, Pavel"]
[Result "1/2-1/2"]
[WhiteElo "2139"]
[BlackElo "2050"]
[PlyCount "53"]
[EventDate "2008.??.??"]
[EventType "corr"]
[EventRounds "2"]

1. c4 e5 2. Nc3 Nc6 3. Nf3 Nf6 4. d3 Bb4 5. Bd2 O-O 6. g3 Re8 7. Bg2 Bxc3 8.
Bxc3 e4 9. Ng5 exd3 10. Qxd3 Ne5 11. Qc2 h6 12. Ne4 Nxe4 13. Qxe4 d6 14. O-O
Qe7 15. Qd4 c5 16. Qf4 Rb8 17. Rfd1 Bd7 18. b3 Bc6 19. e4 b5 20. cxb5 Bxb5 21.
Rd2 c4 22. Qe3 Rbc8 23. b4 f6 24. Rd5 Bc6 25. Ra5 Rc7 26. b5 Ba8 27. Qd4
1/2-1/2

[Event "MCR_SF16"]
[Site "?"]
[Date "2008.??.??"]
[Round "?"]
[White "Houdek, Vladimir"]
[Black "Kudr, Roman"]
[Result "1/2-1/2"]
[WhiteElo "2139"]
[BlackElo "2182"]
[PlyCount "74"]
[EventDate "2008.??.??"]
[EventType "corr"]
[EventRounds "2"]

1. c4 Nf6 2. Nc3 g6 3. d4 d5 4. Bf4 Bg7 5. e3 c5 6. dxc5 Qa5 7. Qa4+ Qxa4 8.
Nxa4 Bd7 9. Nc3 Ne4 10. Nxd5 Na6 11. f3 Nexc5 12. O-O-O e6 13. Nc3 O-O-O 14.
Bd6 Ba4 15. Rd2 Bxc3 16. bxc3 Rd7 17. e4 Rhd8 18. e5 b6 19. Rd4 Nb7 20. Ba3
Rxd4 21. cxd4 Rxd4 22. Be2 Nac5 23. Bb4 Nd3+ 24. Bxd3 Rxd3 25. Nh3 Rd4 26. Kb2
Rxc4 27. Rc1 Rxc1 28. Kxc1 Nd8 29. Bf8 Nc6 30. Bg7 Ne7 31. Ng5 Nf5 32. Bf6 Ne3
33. g4 Bc6 34. h3 h5 35. Kd2 Ng2 36. Ke2 Nf4+ 37. Ke3 Nd5+ 1/2-1/2

[Event "MCR_SF16"]
[Site "?"]
[Date "2008.??.??"]
[Round "?"]
[White "Houdek, Vladimir"]
[Black "Portych, Vaclav"]
[Result "1/2-1/2"]
[WhiteElo "2139"]
[BlackElo "2177"]
[PlyCount "47"]
[EventDate "2008.??.??"]
[EventType "corr"]
[EventRounds "2"]

1. c4 e5 2. Nc3 Nc6 3. Nf3 Nf6 4. d3 g6 5. g3 Bg7 6. Bg2 O-O 7. O-O d6 8. a3
Nd4 9. Nd2 c6 10. e3 Nf5 11. Nf3 h6 12. h3 Be6 13. Qc2 Nd7 14. b3 d5 15. Bb2
Re8 16. Rac1 Rc8 17. Ne2 b5 18. c5 a5 19. e4 Ne7 20. d4 dxe4 21. Nxe5 Bd5 22.
Nc3 Nxe5 23. dxe5 Bxe5 24. Nxe4 1/2-1/2

[Event "MCR_SF16"]
[Site "?"]
[Date "2008.??.??"]
[Round "?"]
[White "Houdek, Vladimir"]
[Black "Slavik, Miroslav"]
[Result "0-1"]
[WhiteElo "2139"]
[BlackElo "2265"]
[PlyCount "66"]
[EventDate "2008.??.??"]
[EventType "corr"]
[EventRounds "2"]

1. c4 e5 2. Nc3 Nf6 3. Nf3 Nc6 4. d3 d5 5. cxd5 Nxd5 6. g3 Be7 7. Bg2 Be6 8.
O-O O-O 9. Bd2 a6 10. Ne4 h6 11. Qc1 f5 12. Nc5 Bxc5 13. Qxc5 Qf6 14. Ne1 Rad8
15. Nc2 f4 16. Kh1 Rd6 17. Rad1 Qf7 18. Bf3 b6 19. Qa3 fxg3 20. fxg3 Bh3 21.
Qxa6 Bxf1 22. Rxf1 Nd4 23. Nxd4 exd4 24. a4 Qe6 25. Kg2 Rc6 26. Qb7 Rd8 27. Rc1
Rxc1 28. Bxc1 c5 29. h4 Qd7 30. Qa6 Kh8 31. Qc4 Qd6 32. Kh2 Rd7 33. Kg2 Qe5 0-1

[Event "MCR_SF16"]
[Site "?"]
[Date "2008.??.??"]
[Round "?"]
[White "Houdek, Vladimir"]
[Black "Trs, Jan"]
[Result "0-1"]
[WhiteElo "2139"]
[BlackElo "2158"]
[PlyCount "62"]
[EventDate "2008.??.??"]
[EventType "corr"]
[EventRounds "2"]

1. c4 e5 2. Nc3 Nf6 3. Nf3 Nc6 4. d3 d6 5. g3 g6 6. Bg2 Bg7 7. O-O O-O 8. Rb1
a5 9. a3 Re8 10. Nd2 Bg4 11. h3 Be6 12. Nd5 Qd7 13. Kh2 Nd4 14. b3 Bxd5 15.
cxd5 c6 16. e3 Nf5 17. dxc6 bxc6 18. Bb2 d5 19. Rc1 Rac8 20. e4 Nd4 21. f4 dxe4
22. dxe4 exf4 23. gxf4 Nh5 24. Nc4 Rcd8 25. e5 Qa7 26. Rc3 Ne6 27. Qg4 Rd4 28.
Rcf3 Red8 29. Bxd4 Rxd4 30. Kh1 a4 31. Nd6 Bxe5 0-1

[Event "MCR_SF16"]
[Site "?"]
[Date "2008.??.??"]
[Round "?"]
[White "Kudr, Roman"]
[Black "Goc, Pavel"]
[Result "1/2-1/2"]
[WhiteElo "2182"]
[BlackElo "2050"]
[PlyCount "47"]
[EventDate "2008.??.??"]
[EventType "corr"]
[EventRounds "2"]

1. e4 e5 2. Nf3 Nc6 3. Bb5 a6 4. Ba4 Nf6 5. d4 exd4 6. O-O Be7 7. Re1 b5 8. Bb3
d6 9. Bd5 Bb7 10. Nxd4 Nxd5 11. Nxc6 Bxc6 12. exd5 Bb7 13. Bg5 f6 14. Bf4 O-O
15. c4 bxc4 16. Qe2 Qd7 17. Nc3 Rae8 18. Qxc4 Bd8 19. Qb3 Bc8 20. Rac1 Rxe1+
21. Rxe1 Re8 22. Rxe8+ Qxe8 23. Be3 f5 24. Qc4 1/2-1/2

[Event "MCR_SF16"]
[Site "?"]
[Date "2008.??.??"]
[Round "?"]
[White "Kudr, Roman"]
[Black "Houdek, Vladimir"]
[Result "1/2-1/2"]
[WhiteElo "2182"]
[BlackElo "2139"]
[PlyCount "67"]
[EventDate "2008.??.??"]
[EventType "corr"]
[EventRounds "2"]

1. e4 e5 2. Nf3 Nc6 3. Bb5 a6 4. Ba4 Nf6 5. O-O Be7 6. Re1 b5 7. Bb3 O-O 8. a4
Bb7 9. d3 d6 10. Nbd2 b4 11. a5 Bc8 12. Nc4 Rb8 13. Ne3 Be6 14. Bc4 Bxc4 15.
dxc4 Re8 16. h3 Bf8 17. Nd5 Nd7 18. Be3 Nc5 19. Bxc5 dxc5 20. c3 Na7 21. Rb1
Re6 22. Qc2 b3 23. Qe2 Nc8 24. Red1 Nd6 25. Ra1 Rb7 26. Ra4 Qb8 27. h4 Qd8 28.
h5 Rh6 29. Nxe5 Re6 30. f4 Qe8 31. h6 Rxh6 32. Ng4 Re6 33. e5 c6 34. Nb6
1/2-1/2

[Event "MCR_SF16"]
[Site "?"]
[Date "2008.??.??"]
[Round "?"]
[White "Kudr, Roman"]
[Black "Portych, Vaclav"]
[Result "0-1"]
[WhiteElo "2182"]
[BlackElo "2177"]
[PlyCount "70"]
[EventDate "2008.??.??"]
[EventType "corr"]
[EventRounds "2"]

1. e4 c5 2. Nf3 Nc6 3. d4 cxd4 4. Nxd4 Nf6 5. Nc3 e5 6. Ndb5 d6 7. Bg5 a6 8.
Na3 b5 9. Bxf6 gxf6 10. Nd5 Bg7 11. Bd3 Ne7 12. Nxe7 Qxe7 13. c3 f5 14. Nc2 O-O
15. O-O f4 16. a4 bxa4 17. Rxa4 Qg5 18. f3 Bf6 19. Nb4 Kh8 20. Nd5 Rg8 21. Rf2
Bd8 22. Rd2 Rg6 23. Bf1 Rh6 24. Rb4 a5 25. Rb3 Qh4 26. h3 Qg3 27. Kh1 a4 28.
Rb5 Bd7 29. Rb7 Bb6 30. Rxb6 Rg8 31. Nxf4 Bxh3 32. Kg1 Qxf4 33. Qe1 Be6 34. Rb4
Rh2 35. Rxd6 Qh6 0-1

[Event "MCR_SF16"]
[Site "?"]
[Date "2008.??.??"]
[Round "?"]
[White "Kudr, Roman"]
[Black "Slavik, Miroslav"]
[Result "1-0"]
[WhiteElo "2182"]
[BlackElo "2265"]
[PlyCount "85"]
[EventDate "2008.??.??"]
[EventType "corr"]
[EventRounds "2"]

1. e4 c6 2. d4 d5 3. e5 Bf5 4. Nc3 e6 5. Bd3 Bxd3 6. Qxd3 c5 7. Qb5+ Nd7 8. Nf3
Qc7 9. Be3 Ne7 10. Qe2 a6 11. dxc5 Ng6 12. h4 h5 13. O-O-O Bxc5 14. Bxc5 Qxc5
15. Rhe1 b5 16. Nxd5 exd5 17. e6 Ndf8 18. exf7+ Kxf7 19. Ng5+ Kg8 20. Qf3 Ra7
21. Re8 Qc6 22. Rde1 Rh6 23. Qf5 Qd7 24. R1e6 d4 25. Qe4 d3 26. c3 d2+ 27. Kd1
Qb7 28. Rc6 Ra8 29. Rxa8 Qxa8 30. Qd5+ Kh8 31. Nf7+ Kh7 32. Nxh6 Ne7 33. Qe4+
Nfg6 34. Re6 Qxe4 35. Rxe4 Kxh6 36. g3 Nd5 37. Re6 Kh7 38. Kxd2 Nc7 39. Rc6 Nd5
40. Rxa6 Ne5 41. Kc2 Ng4 42. Ra5 Nc7 43. c4 1-0

[Event "MCR_SF16"]
[Site "?"]
[Date "2008.??.??"]
[Round "?"]
[White "Kudr, Roman"]
[Black "Trs, Jan"]
[Result "1/2-1/2"]
[WhiteElo "2182"]
[BlackElo "2158"]
[PlyCount "41"]
[EventDate "2008.??.??"]
[EventType "corr"]
[EventRounds "2"]

1. e4 c5 2. Nf3 d6 3. d4 cxd4 4. Nxd4 Nf6 5. Nc3 e6 6. Be2 Be7 7. O-O O-O 8. f4
Nc6 9. Be3 Bd7 10. Nb3 a6 11. a4 b6 12. Bf3 Rb8 13. Qe2 Qc7 14. Rfd1 Rfd8 15.
g4 h6 16. h4 d5 17. e5 Nh7 18. Qf2 Nf8 19. Be2 Qb7 20. Nd4 Nxd4 21. Bxd4
1/2-1/2

[Event "MCR_SF16"]
[Site "?"]
[Date "2008.??.??"]
[Round "?"]
[White "Portych, Vaclav"]
[Black "Goc, Pavel"]
[Result "1-0"]
[WhiteElo "2177"]
[BlackElo "2050"]
[PlyCount "121"]
[EventDate "2008.??.??"]
[EventType "corr"]
[EventRounds "2"]

1. c4 Nf6 2. Nc3 e5 3. Nf3 Nc6 4. g3 Bc5 5. Bg2 d6 6. d3 h6 7. O-O O-O 8. Na4
e4 9. dxe4 Nxe4 10. Nxc5 Nxc5 11. Nd4 Bd7 12. Be3 Ne6 13. Nxe6 Bxe6 14. c5 d5
15. Bf4 Ne7 16. Re1 b5 17. Qd2 a5 18. Rad1 c6 19. a4 b4 20. Bd6 Re8 21. e4 dxe4
22. Rxe4 Qd7 23. Re5 Rad8 24. Qd3 Qc8 25. h3 f6 26. Re2 Bf7 27. Rde1 Nd5 28.
Kh2 Rxe2 29. Rxe2 Kh8 30. Re1 Re8 31. Rxe8+ Bxe8 32. Be4 Bf7 33. Bf3 g6 34.
Bxd5 cxd5 35. Be7 Kg7 36. Qd4 Qa6 37. Bd8 g5 38. b3 h5 39. g4 hxg4 40. hxg4 Kg6
41. Kg3 Bg8 42. f3 Bf7 43. Kf2 Bg8 44. Bb6 Qa8 45. Qd3+ Kh6 46. Qb5 Qb8 47. Kg2
Qf4 48. c6 d4 49. Qf5 Qxf5 50. gxf5 Bh7 51. Bxa5 Bxf5 52. Bxb4 Be6 53. a5 Bc8
54. Bd2 Kg6 55. b4 Ba6 56. c7 Kf5 57. b5 Bc8 58. a6 Ke6 59. a7 Bb7 60. a8=Q
Bxa8 61. c8=Q+ 1-0

[Event "MCR_SF16"]
[Site "?"]
[Date "2008.??.??"]
[Round "?"]
[White "Portych, Vaclav"]
[Black "Houdek, Vladimir"]
[Result "1/2-1/2"]
[WhiteElo "2177"]
[BlackElo "2139"]
[PlyCount "52"]
[EventDate "2008.??.??"]
[EventType "corr"]
[EventRounds "2"]

1. c4 e5 2. Nc3 Nf6 3. Nf3 Nc6 4. g3 d5 5. cxd5 Nxd5 6. Bg2 Nb6 7. O-O Be7 8.
a3 O-O 9. b4 Be6 10. d3 f6 11. Rb1 a6 12. Ne4 Ba2 13. Rb2 Bd5 14. Nc5 Rb8 15.
e4 Bf7 16. Be3 Nd7 17. Nb3 a5 18. Nxa5 Nxa5 19. bxa5 Bxa3 20. Rb1 b6 21. Qa4
Bd6 22. axb6 Nxb6 23. Qc6 Qe8 24. Rfc1 Qxc6 25. Rxc6 Na4 26. Ra1 Nb2 1/2-1/2

[Event "MCR_SF16"]
[Site "?"]
[Date "2008.??.??"]
[Round "?"]
[White "Portych, Vaclav"]
[Black "Kudr, Roman"]
[Result "1/2-1/2"]
[WhiteElo "2177"]
[BlackElo "2182"]
[PlyCount "91"]
[EventDate "2008.??.??"]
[EventType "corr"]
[EventRounds "2"]

1. c4 Nf6 2. Nc3 g6 3. Nf3 Bg7 4. g3 O-O 5. Bg2 d6 6. d4 Nbd7 7. O-O a6 8. e4
e5 9. Re1 exd4 10. Nxd4 Ne5 11. b3 c5 12. Nc2 Rb8 13. h3 Ne8 14. Bb2 b5 15.
cxb5 axb5 16. f4 Nd7 17. Ne3 Bd4 18. Qd2 Nc7 19. Ncd5 Ne6 20. Rad1 Bb7 21. Bxd4
Nxd4 22. Nc2 Nxc2 23. Qxc2 Bxd5 24. Rxd5 Nf6 25. Rd3 Qb6 26. Red1 Rfd8 27. Kh2
Ne8 28. Qd2 Rdc8 29. f5 c4 30. Rf3 Ra8 31. Rdf1 Ra7 32. b4 Ng7 33. a3 Re8 34.
Rf4 g5 35. R4f3 h6 36. f6 Ne6 37. h4 Ra6 38. Rd1 Qa7 39. hxg5 Nxg5 40. Rf5 Re5
41. Qf4 Rxf5 42. Qxf5 Rxa3 43. Rxd6 Rd3 44. Rc6 Rd8 45. Qxb5 Qf2 46. Qa5
1/2-1/2

[Event "MCR_SF16"]
[Site "?"]
[Date "2008.??.??"]
[Round "?"]
[White "Portych, Vaclav"]
[Black "Slavik, Miroslav"]
[Result "1/2-1/2"]
[WhiteElo "2177"]
[BlackElo "2265"]
[PlyCount "39"]
[EventDate "2008.??.??"]
[EventType "corr"]
[EventRounds "2"]

1. c4 e5 2. Nc3 Nf6 3. Nf3 Nc6 4. g3 d5 5. cxd5 Nxd5 6. Bg2 Be6 7. O-O f5 8. e4
fxe4 9. Nxe4 Be7 10. d4 exd4 11. Neg5 Bg4 12. Qb3 O-O 13. Nxd4 Nxd4 14. Qxd5+
Qxd5 15. Bxd5+ Kh8 16. Nf7+ Rxf7 17. Bxf7 Be2 18. Be3 Bxf1 19. Bxd4 Bb5 20. Re1
1/2-1/2

[Event "MCR_SF16"]
[Site "?"]
[Date "2008.??.??"]
[Round "?"]
[White "Portych, Vaclav"]
[Black "Trs, Jan"]
[Result "1/2-1/2"]
[WhiteElo "2177"]
[BlackElo "2158"]
[PlyCount "153"]
[EventDate "2008.??.??"]
[EventType "corr"]
[EventRounds "2"]

1. c4 e5 2. Nc3 Nc6 3. Nf3 Nf6 4. g3 Bb4 5. Bg2 O-O 6. O-O e4 7. Ne1 Bxc3 8.
dxc3 h6 9. Nc2 d6 10. Ne3 Re8 11. Qc2 a5 12. Bd2 Be6 13. Rfd1 Qd7 14. Bxe4 Bxc4
15. Bf3 Be6 16. Bg2 Bh3 17. Bh1 Re5 18. Qb3 b6 19. Qa4 Rc5 20. Rdc1 Re8 21. a3
b5 22. Qd1 a4 23. c4 bxc4 24. Bb4 Rxe3 25. Bxc5 Re8 26. Bb4 d5 27. Bf3 Ne5 28.
Bh1 Bf5 29. Qd4 Qb5 30. Bc3 Be4 31. Bxe4 Nc6 32. Bh7+ Kxh7 33. Qd1 Ne4 34. Qc2
Kg8 35. Rd1 Re6 36. Rab1 h5 37. e3 Ne7 38. Qe2 g6 39. Qf3 Nf5 40. Qf4 Qb6 41.
h3 f6 42. Kh2 c5 43. Rbc1 Qb7 44. Qf3 Qd7 45. Qf4 Qc6 46. Qf3 Kf7 47. Rc2 Qd7
48. Re1 Qb7 49. h4 Qb3 50. Ree2 Kg7 51. Qg2 Qb7 52. Re1 Qc6 53. Rec1 Re8 54.
Rd1 Qb7 55. Re2 Qf7 56. Qf3 Qd7 57. Kg1 Qb7 58. Kg2 Nfd6 59. Rc2 Nb5 60. Kg1
Re7 61. Rdc1 Qd7 62. Qd1 Qe6 63. Be1 Ned6 64. Bc3 Qf5 65. Re2 Ra7 66. Qc2 Qg4
67. Qd1 d4 68. exd4 cxd4 69. Bb4 d3 70. Re3 Qxd1+ 71. Rxd1 Kf7 72. Rde1 Rd7 73.
Kg2 Rb7 74. Kf1 Nf5 75. Re4 Nbd4 76. Rd1 Rb5 77. Kg2 1/2-1/2

[Event "MCR_SF16"]
[Site "?"]
[Date "2008.??.??"]
[Round "?"]
[White "Slavik, Miroslav"]
[Black "Goc, Pavel"]
[Result "1/2-1/2"]
[WhiteElo "2265"]
[BlackElo "2050"]
[PlyCount "72"]
[EventDate "2008.??.??"]
[EventType "corr"]
[EventRounds "2"]

1. d4 Nf6 2. c4 e6 3. Nf3 Bb4+ 4. Bd2 Qe7 5. Qc2 Bxd2+ 6. Nbxd2 d6 7. c5 dxc5
8. Qxc5 Qxc5 9. dxc5 a5 10. Rc1 Ke7 11. Ne5 Rd8 12. g4 Nfd7 13. Nd3 Nc6 14. a3
Nce5 15. Nxe5 Nxe5 16. Rg1 Rd4 17. g5 Bd7 18. Rg3 Bc6 19. e3 Nd3+ 20. Bxd3 Rxd3
21. Rh3 Rad8 22. Nc4 Bb5 23. Rxh7 Bxc4 24. Rxc4 Rd1+ 25. Ke2 R8d2+ 26. Kf3 Rf1
27. h4 Rfxf2+ 28. Kg4 g6 29. b4 Rd3 30. Rf4 Rxf4+ 31. Kxf4 e5+ 32. Ke4 Rxa3 33.
h5 Ke6 34. hxg6 fxg6 35. bxa5 Rxa5 36. Rxc7 Ra4+ 1/2-1/2

[Event "MCR_SF16"]
[Site "?"]
[Date "2008.??.??"]
[Round "?"]
[White "Slavik, Miroslav"]
[Black "Houdek, Vladimir"]
[Result "1-0"]
[WhiteElo "2265"]
[BlackElo "2139"]
[PlyCount "67"]
[EventDate "2008.??.??"]
[EventType "corr"]
[EventRounds "2"]

1. d4 d5 2. Nf3 Nf6 3. Bf4 g6 4. c4 Bg7 5. e3 O-O 6. Nc3 c5 7. dxc5 Qa5 8. Rc1
dxc4 9. Bxc4 Qxc5 10. Nb5 Qb4+ 11. Nd2 Ne8 12. b3 Nc6 13. a3 Qa5 14. O-O a6 15.
b4 Qd8 16. Nc3 Nd6 17. Bd5 e5 18. Bg3 Ne7 19. Bh4 Ndf5 20. Bxe7 Qxe7 21. Nde4
Rd8 22. Qb3 Rb8 23. Rfd1 Bd7 24. a4 Be8 25. a5 Nd6 26. Nc5 Rbc8 27. Bf3 Bb5 28.
Nxb5 axb5 29. Bd5 Bh6 30. Qd3 Qh4 31. Qb1 Rc7 32. Nxb7 Rxb7 33. Bxb7 Nxb7 34.
g3 1-0

[Event "MCR_SF16"]
[Site "?"]
[Date "2008.??.??"]
[Round "?"]
[White "Slavik, Miroslav"]
[Black "Kudr, Roman"]
[Result "1/2-1/2"]
[WhiteElo "2265"]
[BlackElo "2182"]
[PlyCount "83"]
[EventDate "2008.??.??"]
[EventType "corr"]
[EventRounds "2"]

1. c4 Nf6 2. Nc3 g6 3. d4 d5 4. Nf3 Bg7 5. Bf4 c6 6. e3 O-O 7. Rc1 Qb6 8. cxd5
Nxd5 9. Nxd5 cxd5 10. Qd2 Nc6 11. Be2 a6 12. O-O Bf5 13. Rc3 Rfc8 14. Rfc1 Nb4
15. a3 Rxc3 16. bxc3 Nc6 17. c4 dxc4 18. Bxc4 e6 19. h3 Rc8 20. d5 Nd8 21. Ba2
exd5 22. Bxd5 Bb2 23. Rxc8 Bxc8 24. a4 Bf6 25. e4 Qb2 26. Qxb2 Bxb2 27. a5 Kg7
28. Nd2 Bc3 29. Nc4 Kf6 30. g4 Be6 31. Bc7 Nc6 32. f4 Bxd5 33. exd5 Nb4 34. g5+
Ke7 35. Bd6+ Ke8 36. Bxb4 Bxb4 37. Kf2 Ke7 38. Ke3 f5 39. Kf3 Kd7 40. Ke3 Bc5+
41. Kf3 Bb4 42. Ke2 1/2-1/2

[Event "MCR_SF16"]
[Site "?"]
[Date "2008.??.??"]
[Round "?"]
[White "Slavik, Miroslav"]
[Black "Portych, Vaclav"]
[Result "1/2-1/2"]
[WhiteElo "2265"]
[BlackElo "2177"]
[PlyCount "38"]
[EventDate "2008.??.??"]
[EventType "corr"]
[EventRounds "2"]

1. d4 Nf6 2. c4 e6 3. Nf3 b6 4. Nc3 Bb7 5. a3 d5 6. Bg5 Be7 7. cxd5 Nxd5 8.
Nxd5 Bxd5 9. Bxe7 Qxe7 10. Qc2 O-O 11. e4 Bb7 12. Bd3 h6 13. O-O Rc8 14. b4 Nd7
15. Rab1 e5 16. Rfd1 c5 17. dxc5 bxc5 18. b5 c4 19. Bxc4 Nb6 1/2-1/2

[Event "MCR_SF16"]
[Site "?"]
[Date "2008.??.??"]
[Round "?"]
[White "Slavik, Miroslav"]
[Black "Trs, Jan"]
[Result "1-0"]
[WhiteElo "2265"]
[BlackElo "2158"]
[PlyCount "119"]
[EventDate "2008.??.??"]
[EventType "corr"]
[EventRounds "2"]

1. e4 c6 2. d4 d5 3. e5 Bf5 4. Nc3 e6 5. g4 Bg6 6. Nge2 c5 7. h4 h6 8. Be3 Qb6
9. dxc5 Bxc5 10. Bxc5 Qxc5 11. h5 Be4 12. Nxe4 dxe4 13. Qd4 Nd7 14. Qxc5 Nxc5
15. Nc3 Ke7 16. O-O-O Nd7 17. Nxe4 Nxe5 18. Be2 Nf6 19. Nxf6 gxf6 20. f4 Nd7
21. Bf3 Rab8 22. Rd4 b5 23. Rhd1 Nb6 24. c3 Rbc8 25. Kc2 Rc4 26. b3 Rxd4 27.
Rxd4 Rc8 28. Rd3 e5 29. Kd2 Rc7 30. Re3 Kd6 31. g5 hxg5 32. Bg4 Rb7 33. fxg5
fxg5 34. Rd3+ Ke7 35. Ke3 Rb8 36. Ke4 Re8 37. Kf5 Nd7 38. Rd5 Rb8 39. a4 bxa4
40. bxa4 a6 41. Ra5 Ra8 42. h6 Rh8 43. Rxa6 Nc5 44. Rf6 Nxa4 45. Kxe5 Nc5 46.
Rc6 Nd7+ 47. Bxd7 Kxd7 48. Ra6 Kc7 49. Kf5 Kd7 50. Kxg5 Ke7 51. Kh5 Rf8 52. h7
f5 53. Kg6 f4 54. Ra7+ Kd6 55. Kg7 Rb8 56. Rf7 Ke5 57. Rf8 Rb7+ 58. Kg8 Rxh7
59. Kxh7 Ke4 60. c4 1-0

[Event "MCR_SF16"]
[Site "?"]
[Date "2008.??.??"]
[Round "?"]
[White "Trs, Jan"]
[Black "Goc, Pavel"]
[Result "1-0"]
[WhiteElo "2158"]
[BlackElo "2050"]
[PlyCount "69"]
[EventDate "2008.??.??"]
[EventType "corr"]
[EventRounds "2"]

1. c4 e5 2. Nc3 Nc6 3. Nf3 Nf6 4. g3 d5 5. cxd5 Nxd5 6. Bg2 Nb6 7. O-O Be7 8.
a3 O-O 9. b4 Be6 10. d3 a5 11. b5 Nd4 12. Nd2 c6 13. bxc6 Nxc6 14. Nf3 Rc8 15.
Rb1 f6 16. Be3 Nd7 17. d4 exd4 18. Nxd4 Nxd4 19. Qxd4 Bxa3 20. Rfd1 b6 21. Bb7
Rb8 22. Bd5 Bxd5 23. Qxd5+ Rf7 24. Qa2 Bb4 25. Bf4 Rc8 26. Nb5 Be7 27. Rd3 Qe8
28. Nc7 Rxc7 29. Bxc7 Bc5 30. Bd6 Bxd6 31. Rxd6 Kh8 32. Rbd1 Re7 33. Qd5 Re5
34. Qb7 Nc5 35. Qa7 1-0

[Event "MCR_SF16"]
[Site "?"]
[Date "2008.??.??"]
[Round "?"]
[White "Trs, Jan"]
[Black "Houdek, Vladimir"]
[Result "1/2-1/2"]
[WhiteElo "2158"]
[BlackElo "2139"]
[PlyCount "68"]
[EventDate "2008.??.??"]
[EventType "corr"]
[EventRounds "2"]

1. d4 d5 2. Nf3 Nf6 3. c4 dxc4 4. e3 e6 5. Bxc4 c5 6. O-O a6 7. Bd3 cxd4 8.
exd4 Be7 9. Nc3 Nc6 10. Bg5 O-O 11. Rc1 b6 12. Re1 Bb7 13. Bxf6 Bxf6 14. Be4
Rc8 15. d5 Bxc3 16. Rxc3 exd5 17. Bxd5 Rc7 18. Rd3 Rd7 19. Rd2 h6 20. h3 Qf6
21. Be4 Rxd2 22. Qxd2 Na5 23. Ne5 Re8 24. Bb1 Qd8 25. Qc3 b5 26. Bc2 Nc4 27.
Nxc4 Rxe1+ 28. Qxe1 bxc4 29. Qe5 g6 30. f3 Bd5 31. Qd4 Qg5 32. Kf2 Be6 33. Bb1
Qe7 34. Kg1 Qc7 1/2-1/2

[Event "MCR_SF16"]
[Site "?"]
[Date "2008.??.??"]
[Round "?"]
[White "Trs, Jan"]
[Black "Kudr, Roman"]
[Result "1/2-1/2"]
[WhiteElo "2158"]
[BlackElo "2182"]
[PlyCount "42"]
[EventDate "2008.??.??"]
[EventType "corr"]
[EventRounds "2"]

1. d4 Nf6 2. c4 g6 3. Nc3 d5 4. Nf3 Bg7 5. Qb3 dxc4 6. Qxc4 O-O 7. e4 Bg4 8.
Be3 Nfd7 9. Rd1 Nb6 10. Qb3 Nc6 11. d5 Ne5 12. Be2 Nxf3+ 13. gxf3 Bh5 14. Rg1
Qd7 15. Rg3 c6 16. dxc6 Qxc6 17. Nb5 Be5 18. Nd4 Qa4 19. Qxa4 Nxa4 20. f4 Bxe2
21. Kxe2 Bh8 1/2-1/2